| 000 | 00509nam a2200181 a 4500 | ||
|---|---|---|---|
| 005 | 20140311163001.0 | ||
| 008 | 020821s19uu xx 00 eng d | ||
| 020 | _a9814040274 | ||
| 050 |
_aHD 58.7 _b.G74 1998 |
||
| 100 | _aGriffin, Ricky W. | ||
| 245 |
_aOrganizational behavior / _cRicky W. Griffin. |
||
| 260 |
_aNew York : _bHoughton Mifflin Company, _c1998. |
||
| 300 |
_a622 p. : _bill. ; _c25 cm. |
||
| 521 | _aBSBA | ||
| 650 | _aOrganizational behavior | ||
| 942 |
_cBK _2lcc _kFOR |
||
| 999 |
_c39211 _d39211 |
||